First (and second) steps in statistics. -- 2nd ed. (Record no. 43537)

MARC details
000 -LEADER
fixed length control field 00823nam a2200217 a 4500
008 - FIXED-LENGTH DATA ELEMENTS--GENERAL INFORMATION
fixed length control field 100119s2009 ||||||||||||||||| || u
020 ## - INTERNATIONAL STANDARD BOOK NUMBER
International Standard Book Number 9781412911429
050 ## - LIBRARY OF CONGRESS CALL NUMBER
Classification number QA 276.12 Wri
100 ## - MAIN ENTRY--PERSONAL NAME
Personal name London, Kamala
245 10 - TITLE STATEMENT
Title First (and second) steps in statistics. -- 2nd ed.
Statement of responsibility, etc. by Daniel B. Wright and Kamala London
250 ## - EDITION STATEMENT
Edition statement 2nd ed.
260 ## - PUBLICATION, DISTRIBUTION, ETC.
Place of publication, distribution, etc. London
Name of publisher, distributor, etc. SAGE Publications
Date of publication, distribution, etc. 2009
300 ## - PHYSICAL DESCRIPTION
Extent xv, 230p.: ill.
350 ## - PRICE (NR) (BK AM CF MU VM SE) [OBSOLETE]
Price 0.00
650 #0 - SUBJECT ADDED ENTRY--TOPICAL TERM
Topical term or geographic name entry element MATHEMATICS--HANDBOOKS, MANUALS, ETC
650 #0 - SUBJECT ADDED ENTRY--TOPICAL TERM
Topical term or geographic name entry element STATISTICS--PROBLEMS, EXERCISES ETC
650 #0 - SUBJECT ADDED ENTRY--TOPICAL TERM
Topical term or geographic name entry element MATHEMATICAL STATISTICS
650 #3 - SUBJECT ADDED ENTRY--TOPICAL TERM
Topical term or geographic name entry element P0PULATION STATISTICS
700 ## - ADDED ENTRY--PERSONAL NAME
Personal name Wright, Daniel B
995 ## - RECOMMENDATION 995 [LOCAL, UNIMARC FRANCE]
-- 0.00
-- CBU-MAIN LIBRARY (Kitwe)
-- 1
-- 0.00
-- 1
-- AVAILABLE
-- Mar 10, 2010
-- Annex Low-Usage Collection
Holdings
Withdrawn status Lost status Source of classification or shelving scheme Damaged status Not for loan Home library Current library Shelving location Date acquired Total Checkouts Full call number Barcode Date last seen Price effective from Koha item type
          CBU-MAIN LIBRARY, KITWE. CBU-MAIN LIBRARY, KITWE.   11/30/2022   QA 276.12 Wri 741012 11/30/2022 11/30/2022 MONOGRAPH